| 000 | 01156nam a2200289 i 4500 | ||
|---|---|---|---|
| 001 | 173612 | ||
| 003 | ES-MaACL | ||
| 005 | 20250826055026.0 | ||
| 008 | 091214s2008 sp d |||| | spa d | ||
| 020 | _a978-84-936577-0-3 | ||
| 080 | _a61:34(460) | ||
| 080 | _a351.77(460) | ||
| 245 | 0 | 0 |
_aBiomedicina y derecho sanitario / _cdirectores del máster oficial en derecho sanitario, Fernando Bandrés Moya, Santiago Delgado Bueno. |
| 260 |
_a[Madrid] : _bAdemas Comunicación, _c[2008] |
||
| 300 |
_av. 5 (921 p.) : _bgráf. ; _c24 cm. |
||
| 500 | _aRecoge trabajos de los alunmos de postgrado, máster de Derecho Sanitario en la UEM. | ||
| 504 | _aReferencias bibliográficas. | ||
| 594 | _aEn port.: Universidad Europea de Madrid; Asisa; Fundación Tejerina. | ||
| 650 | 1 | 7 |
_aMedicina- _xDerecho y legislación- _zEspaña _2 _9141798 |
| 650 | 4 |
_aSalud pública- _xDerecho- _zEspaña. _9141799 |
|
| 700 | 1 |
_aBandrés Moya, Fernando. _9138338 |
|
| 700 | 1 |
_aDelgado Bueno, Santiago. _9141803 |
|
| 710 | 2 |
_aUniversidad Europea de Madrid. _9148923 |
|
| 710 | 2 |
_aFundación Tejerina. _9144992 |
|
| 852 |
_aES-MaACL _jE-6452 |
||
| 999 |
_c173612 _d173612 |
||